000 00309nam a22001217a 4500
082 _a620.0044 ELL'L
100 _aDICKSON, J. H,ELLIOTT, A
_980137
245 _aLABORATORY INSTRUMENTS THEIR DESIGN AND APPLICATION
250 _a2ND
260 _aLONDON
_bCHAPMAN & HALL
_c1959
300 _a514P
942 _cBK
999 _c585101
_d585101